| 000 | 00465 a2200169 4500 | ||
|---|---|---|---|
| 020 | _a9783642036385 | ||
| 082 | _a621.3822 | ||
| 090 |
_c7139 _d7139 |
||
| 100 | _aPohl, Volker | ||
| 110 | _aBoche, Holger | ||
| 245 |
_aAdvanced topics in system and signal theory a mathematical approach _cVolker, Pohl |
||
| 260 |
_aNew York _bSpringer _c2009 |
||
| 300 | _a241 p. | ||
| 650 | _aSignal processing--Mathematics | ||
| 700 | _aVolker, Pohl | ||
| 942 |
_cBK _k621.3822 POH |
||
| 999 |
_c10943 _d10943 |
||